| 000 | 00389nam a2200169Ia 4500 | ||
|---|---|---|---|
| 003 | STCL | ||
| 008 | 181203s9999 xx 000 0 und d | ||
| 020 | _a9780340678220 | ||
| 040 |
_aSTCL _bEN _cSTCL |
||
| 082 | _222 | ||
| 100 | _aPeake, Mervyn | ||
| 245 | 0 | _aBoy in Darkness | |
| 260 |
_bHodder Children's Books _aLondon _c1996 |
||
| 300 | _a114 | ||
| 546 | _aEnglish | ||
| 942 |
_2ddc _cBK |
||
| 999 |
_c84098 _d84098 |
||